Statistiken für Fußball-Bundesliga: Aufstellungen des 31. Spieltages 1996/1997

Klicken Sie hier um das Quiz zu spielen!

Allgemein

  • Dieses Quiz wurde 56 mal gespielt
  • Das Durchschnittsergebnis liegt bei 60 aus 198

Antwortstatistiken

BegegnungVereinNationalitätSpieler% Korrekt
FC Bayern München 0:0 SC FreiburgFC Bayern MünchenGEROliver Kahn
90%
VfL Bochum 2:1 VfB StuttgartVfB StuttgartBRAGiovane Élber
77%
VfL Bochum 2:1 VfB StuttgartVfB StuttgartGERFredi Bobic
73%
VfL Bochum 2:1 VfB StuttgartVfB StuttgartBULKrasimir Balakov
73%
SV Werder Bremen 3:2 1. FC KölnSV Werder BremenGEROliver Reck
73%
FC St. Pauli 1:3 Borussia MönchengladbachBorussia MönchengladbachGERStefan Effenberg
73%
FC Bayern München 0:0 SC FreiburgFC Bayern MünchenGERMario Basler
67%
FC Bayern München 0:0 SC FreiburgSC FreiburgGERRalf Kohl
67%
MSV Duisburg 0:1 FC Hansa RostockMSV DuisburgTOGBachirou Salou
63%
FC Schalke 04 0:1 Fortuna DüsseldorfFC Schalke 04GERJens Lehmann
63%
Karlsruher SC 1:1 Borussia DortmundBorussia DortmundGERJürgen Kohler
63%
MSV Duisburg 0:1 FC Hansa RostockFC Hansa RostockBIHSergej Barbarez
63%
Karlsruher SC 1:1 Borussia DortmundBorussia DortmundGERStefan Klos
63%
FC Bayern München 0:0 SC FreiburgFC Bayern MünchenGERAlexander Zickler
60%
Arminia Bielefeld 2:3 TSV 1860 MünchenArminia BielefeldGERJörg Bode
60%
SV Werder Bremen 3:2 1. FC KölnSV Werder BremenGERMarco Bode
60%
FC St. Pauli 1:3 Borussia MönchengladbachBorussia MönchengladbachSWEMartin Dahlin
60%
FC Schalke 04 0:1 Fortuna DüsseldorfFC Schalke 04GERMartin Max
60%
FC Bayern München 0:0 SC FreiburgFC Bayern MünchenGHASamuel Kuffour
60%
SV Werder Bremen 3:2 1. FC Köln1. FC KölnAUTToni Polster
60%
Karlsruher SC 1:1 Borussia DortmundBorussia DortmundGERAndreas Möller
57%
SV Werder Bremen 3:2 1. FC KölnSV Werder BremenEGYHany Ramzy
57%
VfL Bochum 2:1 VfB StuttgartVfB StuttgartGERHendrik Herzog
57%
FC Bayern München 0:0 SC FreiburgFC Bayern MünchenGERJürgen Klinsmann
57%
FC Schalke 04 0:1 Fortuna DüsseldorfFC Schalke 04BELMarc Wilmots
57%
FC St. Pauli 1:3 Borussia MönchengladbachBorussia MönchengladbachGERMartin Schneider
57%
Karlsruher SC 1:1 Borussia DortmundBorussia DortmundSUIStéphane Chapuisat
57%
SV Werder Bremen 3:2 1. FC KölnSV Werder BremenUKRViktor Skripnik
57%
SV Werder Bremen 3:2 1. FC Köln1. FC KölnGERBodo Schmidt
53%
Karlsruher SC 1:1 Borussia DortmundBorussia DortmundGERLars Ricken
53%
FC Bayern München 0:0 SC FreiburgFC Bayern MünchenGERMarkus Babbel
53%
Bayer 04 Leverkusen 5:0 Hamburger SVHamburger SVGERRichard Golz
53%
Karlsruher SC 1:1 Borussia DortmundBorussia DortmundGERStefan Reuter
53%
FC Bayern München 0:0 SC FreiburgFC Bayern MünchenGERThomas Helmer
53%
FC Schalke 04 0:1 Fortuna DüsseldorfFC Schalke 04GERThomas Linke
53%
Bayer 04 Leverkusen 5:0 Hamburger SVBayer 04 LeverkusenGERUlf Kirsten
53%
FC St. Pauli 1:3 Borussia MönchengladbachBorussia MönchengladbachGERUwe Kamps
53%
VfL Bochum 2:1 VfB StuttgartVfB StuttgartAUTFranz Wohlfahrt
50%
FC St. Pauli 1:3 Borussia MönchengladbachFC St. PauliGERHolger Stanislawski
50%
Bayer 04 Leverkusen 5:0 Hamburger SVBayer 04 LeverkusenCRONiko Kovač
50%
FC Schalke 04 0:1 Fortuna DüsseldorfFC Schalke 04GEROlaf Thon
50%
Bayer 04 Leverkusen 5:0 Hamburger SVHamburger SVARGRodolfo Cardoso
50%
Arminia Bielefeld 2:3 TSV 1860 MünchenArminia BielefeldGERStefan Kuntz
50%
Karlsruher SC 1:1 Borussia DortmundBorussia DortmundGERKarl-Heinz Riedle
47%
FC St. Pauli 1:3 Borussia MönchengladbachBorussia MönchengladbachSWEPatrik Andersson
47%
FC Bayern München 0:0 SC FreiburgFC Bayern MünchenITARuggiero Rizzitelli
47%
SV Werder Bremen 3:2 1. FC KölnSV Werder BremenGERBruno Labbadia
43%
Karlsruher SC 1:1 Borussia DortmundKarlsruher SCGERClaus Reitmeier
43%
SV Werder Bremen 3:2 1. FC KölnSV Werder BremenGERDieter Eilts
43%
Bayer 04 Leverkusen 5:0 Hamburger SVBayer 04 LeverkusenGERJens Nowotny
43%
Karlsruher SC 1:1 Borussia DortmundBorussia DortmundSCOPaul Lambert
43%
VfL Bochum 2:1 VfB StuttgartVfL BochumGERDariusz Wosz
40%
FC Bayern München 0:0 SC FreiburgFC Bayern MünchenGERDietmar Hamann
40%
SV Werder Bremen 3:2 1. FC Köln1. FC KölnROUDorinel Munteanu
40%
FC Schalke 04 0:1 Fortuna DüsseldorfFC Schalke 04CZEJiří Němec
40%
FC St. Pauli 1:3 Borussia MönchengladbachBorussia MönchengladbachSWEJörgen Pettersson
40%
SV Werder Bremen 3:2 1. FC Köln1. FC KölnGERKarsten Baumann
40%
FC St. Pauli 1:3 Borussia MönchengladbachFC St. PauliGERKlaus Thomforde
40%
Arminia Bielefeld 2:3 TSV 1860 MünchenTSV 1860 MünchenGERMatthias Hamann
40%
Bayer 04 Leverkusen 5:0 Hamburger SVBayer 04 LeverkusenBRAPaulo Sérgio
40%
Karlsruher SC 1:1 Borussia DortmundKarlsruher SCGERThorsten Fink
40%
Bayer 04 Leverkusen 5:0 Hamburger SVBayer 04 LeverkusenGERChristian Wörns
37%
Bayer 04 Leverkusen 5:0 Hamburger SVHamburger SVBIHHasan Salihamidžić
37%
SV Werder Bremen 3:2 1. FC Köln1. FC KölnDENHenrik Andersen
37%
MSV Duisburg 0:1 FC Hansa RostockFC Hansa RostockNGRJonathan Akpoborie
37%
Arminia Bielefeld 2:3 TSV 1860 MünchenTSV 1860 MünchenGERManfred Bender
37%
Karlsruher SC 1:1 Borussia DortmundKarlsruher SCGERMichael Tarnat
37%
Karlsruher SC 1:1 Borussia DortmundBorussia DortmundAUTWolfgang Feiersinger
37%
Arminia Bielefeld 2:3 TSV 1860 MünchenTSV 1860 MünchenGHAAbédi Pelé
33%
SV Werder Bremen 3:2 1. FC KölnSV Werder BremenNEDArie van Lent
33%
Bayer 04 Leverkusen 5:0 Hamburger SVBayer 04 LeverkusenGERCarsten Ramelow
33%
Bayer 04 Leverkusen 5:0 Hamburger SVBayer 04 LeverkusenNEDErik Meijer
33%
Arminia Bielefeld 2:3 TSV 1860 MünchenArminia BielefeldGERGünther Schäfer
33%
Arminia Bielefeld 2:3 TSV 1860 MünchenTSV 1860 MünchenGERHorst Heldt
33%
FC Schalke 04 0:1 Fortuna DüsseldorfFC Schalke 04GERIngo Anderbrügge
33%
FC Bayern München 0:0 SC FreiburgSC FreiburgGERJörg Schmadtke
33%
MSV Duisburg 0:1 FC Hansa RostockMSV DuisburgGERMichael Zeyer
33%
FC Schalke 04 0:1 Fortuna DüsseldorfFC Schalke 04GERMike Büskens
33%
Arminia Bielefeld 2:3 TSV 1860 MünchenTSV 1860 MünchenGERRainer Berg
33%
MSV Duisburg 0:1 FC Hansa RostockFC Hansa RostockGERStefan Beinlich
33%
SV Werder Bremen 3:2 1. FC Köln1. FC KölnNGRSunday Oliseh
33%
FC Schalke 04 0:1 Fortuna DüsseldorfFC Schalke 04GERYves Eigenrauch
33%
Bayer 04 Leverkusen 5:0 Hamburger SVHamburger SVGERAndreas Fischer
30%
FC St. Pauli 1:3 Borussia MönchengladbachFC St. PauliGERAndré Trulsen
30%
Bayer 04 Leverkusen 5:0 Hamburger SVBayer 04 LeverkusenGERDirk Heinen
30%
Karlsruher SC 1:1 Borussia DortmundKarlsruher SCGERGunther Metz
30%
Arminia Bielefeld 2:3 TSV 1860 MünchenTSV 1860 MünchenAUTHarald Cerny
30%
FC Schalke 04 0:1 Fortuna DüsseldorfFC Schalke 04NEDMarco van Hoogdalem
30%
SV Werder Bremen 3:2 1. FC Köln1. FC KölnGERMichael Kraft
30%
VfL Bochum 2:1 VfB StuttgartVfB StuttgartGERThomas Berthold
30%
FC Bayern München 0:0 SC FreiburgSC FreiburgGERUwe Spies
30%
Bayer 04 Leverkusen 5:0 Hamburger SVHamburger SVGERHarald Spörl
27%
SV Werder Bremen 3:2 1. FC Köln1. FC KölnROUIon Vlădoiu
27%
FC St. Pauli 1:3 Borussia MönchengladbachBorussia MönchengladbachGERJörg Neun
27%
FC St. Pauli 1:3 Borussia MönchengladbachBorussia MönchengladbachGERKarlheinz Pflipsen
27%
Karlsruher SC 1:1 Borussia DortmundBorussia DortmundGERKnut Reinhardt
27%
Arminia Bielefeld 2:3 TSV 1860 MünchenTSV 1860 MünchenSUIMarco Walker
27%
Bayer 04 Leverkusen 5:0 Hamburger SVBayer 04 LeverkusenGERMarkus Happe
27%
Arminia Bielefeld 2:3 TSV 1860 MünchenTSV 1860 MünchenSRBMiroslav Stević
27%
MSV Duisburg 0:1 FC Hansa RostockFC Hansa RostockGERPerry Bräutigam
27%
MSV Duisburg 0:1 FC Hansa RostockFC Hansa RostockGERTimo Lange
27%
SV Werder Bremen 3:2 1. FC KölnSV Werder BremenGERTorsten Frings
27%
MSV Duisburg 0:1 FC Hansa RostockMSV DuisburgNEDAlfred Nijhuis
23%
SV Werder Bremen 3:2 1. FC KölnSV Werder BremenAUTHeimo Pfeifenberger
23%
Bayer 04 Leverkusen 5:0 Hamburger SVBayer 04 LeverkusenDENJan Heintze
23%
FC Schalke 04 0:1 Fortuna DüsseldorfFC Schalke 04NEDJohan de Kock
23%
Karlsruher SC 1:1 Borussia DortmundBorussia DortmundGERJörg Heinrich
23%
Bayer 04 Leverkusen 5:0 Hamburger SVHamburger SVGERJürgen Hartmann
23%
MSV Duisburg 0:1 FC Hansa RostockMSV DuisburgGERMarcus Marin
23%
FC Bayern München 0:0 SC FreiburgFC Bayern MünchenGERMarkus Münch
23%
FC St. Pauli 1:3 Borussia MönchengladbachBorussia MönchengladbachGERMichael Klinkert
23%
FC Bayern München 0:0 SC FreiburgSC FreiburgGERMichael Sternkopf
23%
Arminia Bielefeld 2:3 TSV 1860 MünchenTSV 1860 MünchenGEROlaf Bodden
23%
Karlsruher SC 1:1 Borussia DortmundKarlsruher SCGERSean Dundee
23%
MSV Duisburg 0:1 FC Hansa RostockMSV DuisburgNORThomas Gill
23%
VfL Bochum 2:1 VfB StuttgartVfL BochumPOLTomasz Wałdoch
23%
VfL Bochum 2:1 VfB StuttgartVfL BochumGERUwe Gospodarek
23%
MSV Duisburg 0:1 FC Hansa RostockMSV DuisburgGERCarsten Wolters
20%
VfL Bochum 2:1 VfB StuttgartVfB StuttgartGERDanny Schwarz
20%
FC St. Pauli 1:3 Borussia MönchengladbachFC St. PauliBRAÉmerson
20%
VfL Bochum 2:1 VfB StuttgartVfL BochumBULGeorgi Donkov
20%
FC Schalke 04 0:1 Fortuna DüsseldorfFortuna DüsseldorfGERHolger Fach
20%
FC St. Pauli 1:3 Borussia MönchengladbachBorussia MönchengladbachROUIoan Lupescu
20%
Arminia Bielefeld 2:3 TSV 1860 MünchenArminia BielefeldGERJörg Reeb
20%
Arminia Bielefeld 2:3 TSV 1860 MünchenTSV 1860 MünchenGERManfred Schwabl
20%
MSV Duisburg 0:1 FC Hansa RostockFC Hansa RostockGERMarko Rehmer
20%
FC St. Pauli 1:3 Borussia MönchengladbachBorussia MönchengladbachDENPeter Nielsen
20%
Arminia Bielefeld 2:3 TSV 1860 MünchenArminia BielefeldNEDRob Maas
20%
MSV Duisburg 0:1 FC Hansa RostockFC Hansa RostockGERThomas Gansauge
20%
MSV Duisburg 0:1 FC Hansa RostockMSV DuisburgGERThomas Puschmann
20%
FC Bayern München 0:0 SC FreiburgSC FreiburgGERThomas Vogel
20%
MSV Duisburg 0:1 FC Hansa RostockFC Hansa RostockMKDToni Mičevski
20%
FC St. Pauli 1:3 Borussia MönchengladbachFC St. PauliNORTore Pedersen
20%
SV Werder Bremen 3:2 1. FC KölnSV Werder BremenGERAndree Wiedener
17%
Karlsruher SC 1:1 Borussia DortmundKarlsruher SCGEREberhard Carl
17%
Arminia Bielefeld 2:3 TSV 1860 MünchenArminia BielefeldGERGiuseppe Reina
17%
MSV Duisburg 0:1 FC Hansa RostockFC Hansa RostockGERHeiko März
17%
FC Schalke 04 0:1 Fortuna DüsseldorfFortuna DüsseldorfRUSIgor Dobrovolskiy
17%
Karlsruher SC 1:1 Borussia DortmundKarlsruher SCFRAMarc Keller
17%
Bayer 04 Leverkusen 5:0 Hamburger SVHamburger SVGERMarijan Kovačević
17%
FC Schalke 04 0:1 Fortuna DüsseldorfFortuna DüsseldorfGERMarkus Anfang
17%
MSV Duisburg 0:1 FC Hansa RostockMSV DuisburgGERMarkus Reiter
17%
Karlsruher SC 1:1 Borussia DortmundKarlsruher SCGERMarkus Schroth
17%
VfL Bochum 2:1 VfB StuttgartVfL BochumGERMax Eberl
17%
FC Bayern München 0:0 SC FreiburgSC FreiburgGERMichael Frontzeck
17%
VfL Bochum 2:1 VfB StuttgartVfB StuttgartPOLRadosław Gilewicz
17%
FC Schalke 04 0:1 Fortuna DüsseldorfFortuna DüsseldorfRUSSergey Yuran
17%
Arminia Bielefeld 2:3 TSV 1860 MünchenArminia BielefeldNEDSonny Silooy
17%
VfL Bochum 2:1 VfB StuttgartVfL BochumGERThomas Reis
17%
MSV Duisburg 0:1 FC Hansa RostockMSV DuisburgGERThomas Vana
17%
Arminia Bielefeld 2:3 TSV 1860 MünchenArminia BielefeldCROZdenko Miletić
17%
MSV Duisburg 0:1 FC Hansa RostockFC Hansa RostockGERAndré Hofschneider
13%
Arminia Bielefeld 2:3 TSV 1860 MünchenTSV 1860 MünchenGERBernhard Trares
13%
FC Bayern München 0:0 SC FreiburgSC FreiburgCRODamir Burić
13%
MSV Duisburg 0:1 FC Hansa RostockMSV DuisburgGERHorst Steffen
13%
FC St. Pauli 1:3 Borussia MönchengladbachFC St. PauliGERJürgen Gronau
13%
FC Schalke 04 0:1 Fortuna DüsseldorfFortuna DüsseldorfCGOMacchambes Younga-Mouhani
13%
FC Bayern München 0:0 SC FreiburgFC Bayern MünchenGERMarcel Witeczek
13%
VfL Bochum 2:1 VfB StuttgartVfB StuttgartGERMarco Haber
13%
SV Werder Bremen 3:2 1. FC Köln1. FC KölnGERMartin Braun
13%
VfL Bochum 2:1 VfB StuttgartVfB StuttgartGERMatthias Hagner
13%
FC Bayern München 0:0 SC FreiburgSC FreiburgGERMaximilian Heidenreich
13%
Bayer 04 Leverkusen 5:0 Hamburger SVHamburger SVUSAMichael Mason
13%
FC Bayern München 0:0 SC FreiburgSC FreiburgCRONikola Jurčević
13%
FC Schalke 04 0:1 Fortuna DüsseldorfFortuna DüsseldorfSLORudi Istenič
13%
Arminia Bielefeld 2:3 TSV 1860 MünchenArminia BielefeldGERSilvio Meißner
13%
VfL Bochum 2:1 VfB StuttgartVfL BochumGERThomas Stickroth
13%
SV Werder Bremen 3:2 1. FC Köln1. FC KölnPOLThomasz Zdebel
13%
FC Schalke 04 0:1 Fortuna DüsseldorfFortuna DüsseldorfGERThorsten Walther
13%
VfL Bochum 2:1 VfB StuttgartVfB StuttgartGERAndreas Buck
10%
SV Werder Bremen 3:2 1. FC KölnSV Werder BremenGERBjörn Schierenbeck
10%
FC St. Pauli 1:3 Borussia MönchengladbachFC St. PauliGERChristian Springer
10%
VfL Bochum 2:1 VfB StuttgartVfL BochumGERKarsten Hutwelker
10%
FC St. Pauli 1:3 Borussia MönchengladbachFC St. PauliGERMichael Bochtler
10%
SV Werder Bremen 3:2 1. FC Köln1. FC KölnGERMichael Kostner
10%
VfL Bochum 2:1 VfB StuttgartVfL BochumGEROlaf Schreiber
10%
Bayer 04 Leverkusen 5:0 Hamburger SVHamburger SVPOLPaweł Wojtala
10%
Karlsruher SC 1:1 Borussia DortmundKarlsruher SCGERRaphael Krauß
10%
MSV Duisburg 0:1 FC Hansa RostockMSV DuisburgGERStefan Emmerling
10%
Karlsruher SC 1:1 Borussia DortmundKarlsruher SCGERThomas Hengen
10%
FC Schalke 04 0:1 Fortuna DüsseldorfFortuna DüsseldorfGERThomas Seeliger
10%
Arminia Bielefeld 2:3 TSV 1860 MünchenArminia BielefeldGERThomas Stratos
10%
FC Bayern München 0:0 SC FreiburgSC FreiburgGERAxel Sundermann
7%
Karlsruher SC 1:1 Borussia DortmundKarlsruher SCGERChristian Wück
7%
Bayer 04 Leverkusen 5:0 Hamburger SVBayer 04 LeverkusenGERHans-Peter Lehnhoff
7%
FC Schalke 04 0:1 Fortuna DüsseldorfFortuna DüsseldorfGERHarald Katermann
7%
FC St. Pauli 1:3 Borussia MönchengladbachFC St. PauliRUSNikolay Pisarev
7%
VfL Bochum 2:1 VfB StuttgartVfL BochumGERPeter Közle
7%
MSV Duisburg 0:1 FC Hansa RostockFC Hansa RostockGERStefan Studer
7%
FC Bayern München 0:0 SC FreiburgSC FreiburgGERSteffen Korell
7%
Bayer 04 Leverkusen 5:0 Hamburger SVHamburger SVGERSven Kmetsch
7%
FC St. Pauli 1:3 Borussia MönchengladbachFC St. PauliGERThomas Sobotzik
7%
FC St. Pauli 1:3 Borussia MönchengladbachFC St. PauliGERTorsten Fröhling
7%
VfL Bochum 2:1 VfB StuttgartVfL BochumGERTorsten Kracht
7%
FC Schalke 04 0:1 Fortuna DüsseldorfFortuna DüsseldorfGERUlf Mehlhorn
7%
FC Schalke 04 0:1 Fortuna DüsseldorfFortuna DüsseldorfSRBVladimir Pasic
7%
Arminia Bielefeld 2:3 TSV 1860 MünchenArminia BielefeldGERMatthias Breitkreutz
3%
Bayer 04 Leverkusen 5:0 Hamburger SVHamburger SVGERStefan Schnoor
3%

Verteilung der Resultate

Perzentil nach korrekt beantworteten Fragen

Anzahl Personen mit jedem Resultat

Ihre Resultats-Entwicklung

Sie haben dieses Quiz noch nicht gespielt